Southville International School and Colleges
Your cart is empty.
  • Cart
  • Lists
    Public lists Eva Luna New books Lux_list list_1
    Your lists Log in to create your own lists
  • Log in to your account
  • Your cookies
  • Search history
Southville International School and Colleges
  • Advanced search
  • Recent comments
  • Most popular
  • Libraries

Log in to your account

Log in with GOOGLE


If you do not have an external account, but do have a local account, you can still log in:

  1. Home
  2. MARC view: Aladdin /
Normal view MARC view ISBD view

Aladdin / (Record no. 104233)

[ view plain ]
MARC details
000 -LEADER
fixed length control field 00553nam a2200193 a 4500
005 - DATE AND TIME OF LATEST TRANSACTION
control field 20140412111316.0
008 - FIXED-LENGTH DATA ELEMENTS--GENERAL INFORMATION
fixed length control field 001218s19uu xx 00 eng d
020 ## - INTERNATIONAL STANDARD BOOK NUMBER
International Standard Book Number 0-307-12692-7
050 ## - LIBRARY OF CONGRESS CALL NUMBER
Classification number ER
Item number Al11 1992
100 ## - MAIN ENTRY--PERSONAL NAME
Personal name Braybrooks, Ann
245 ## - TITLE STATEMENT
Title Aladdin /
Statement of responsibility, etc Story adapted by Ann Braybrooks ; illustrated by Phil Ortiz and Serge Michaels.
260 ## - PUBLICATION, DISTRIBUTION, ETC. (IMPRINT)
Place of publication, distribution, etc New York :
Name of publisher, distributor, etc A Golden Book,
Date of publication, distribution, etc 1992.
300 ## - PHYSICAL DESCRIPTION
Extent 1 v. (unp.) ; ill.
440 ## - SERIES STATEMENT/ADDED ENTRY--TITLE
Title Disney's
650 ## - SUBJECT ADDED ENTRY--TOPICAL TERM
Topical term or geographic name as entry element Folktales
650 ## - SUBJECT ADDED ENTRY--TOPICAL TERM
Topical term or geographic name as entry element Children's stories
Holdings
Withdrawn status Lost status Damaged status Use restrictions Home library Current library Shelving location Date acquired Source of acquisition Total Checkouts Full call number Barcode Date last seen Price effective from Koha item type
        Elizalde Library Elizalde Library Easy Reading Section 12/18/2000     ER Al11 1992 E7074 04/12/2014 04/12/2014 Books
        Elizalde Library Elizalde Library Easy Reading Section 12/18/2000     ER Al11 1992 E7773 04/12/2014 04/12/2014 Books

Aladdin /

APA

Braybrooks A., . (1992). Aladdin. New York: A Golden Book.

Chicago

Braybrooks Ann, . 1992. Aladdin. New York: A Golden Book.

Harvard

Braybrooks A., . (1992). Aladdin. New York: A Golden Book.

MLA

Braybrooks Ann, . Aladdin. New York: A Golden Book. 1992.

  • Place hold
  • Print
  • Cite
  • Add to your cart (remove)
  • Save record
    BIBTEX Dublin Core MARCXML MARC (non-Unicode/MARC-8) MARC (Unicode/UTF-8) MARC (Unicode/UTF-8, Standard) MODS (XML) RIS
  • More searches
    Search for this title in:
    Other Libraries (WorldCat) Other Databases (Google Scholar) Online Stores (Bookfinder.com) Open Library (openlibrary.org)

Exporting to Dublin Core...

SOUTHVILLE LIBRARY

Southville International School and Colleges Library

1281 Tropical Ave. Cor. Luxembourg St., BF Homes International, Las Pinas City

Tel. No. 8256374 / 252358 Loc. 117/146

Powered by Koha